01223nam a2200265 a 450000100060000000300080000600500170001400800410003102000270007203500190009904000230011804100080014108200290014911100960017824502730027426000360054730000280058350400410061165000610065270000290071371000490074294200120079199900170080395201370082058259BD-RjUL20211209080613.0840502s1983 ii b 100 0 eng  a0860370666 :cRs100.00 a(BD-RjUL)58383 aDLCcDLCdDLCbeng aeng00a330.091767223bSTU 19832 aInternational Conference on Islamic Economicsn(1st :d1976 :cMecca, Saudi Arabia)917305310aStudies in Islamic economics :ba selection of papers presented to the First International Conference on Islamic Economics, held at Makka, under the auspices of King Abdul Aziz University, Jeddah, February 21-26, 1976 (Safar 21-26, 1396 H.) edited by Khurshid Ahmad. / aDelhi :bAmar Prakashan,c1983. axxiii, 188 p. ;c22 cm. aIncludes bibliographical references. 0aEconomicsxReligious aspectsxIslamxCongresses.91730541 aAhmad, Khurshid.91710712 aJāmiʻat al-Malik ʾAbd al-ʾAziz.9173055 2ddccBK c58259d58259 00102ddc40718NFICaRUCLbRUCLcReadingd1981-09-03eZeitlingerl0o330.091767 STU 1983r2016-12-17 00:00:00tC-1w2016-12-17yBK